000 00499nam a2200169Ia 4500
003 GCL
008 140319s9999 xx 000 0 ara d
040 _aGCL /
_cGCL
082 0 4 _a818.02
_bح خ
100 1 _aحسن عبدالله آل الشيخ
245 1 0 _aخواطر جريئة /
_cحسن عبدالله آل الشيخ
260 _aالرياض :
_bتهامة ،
_c1982
300 _a183 ص ؛
_c24 سم
650 0 4 _aالادب العربى
650 0 4 _aالخواطر
942 _2ddc
_cBK
999 _c6910
_d6910